[Event "World Corporate West A"]
[Site "Chess.com INT"]
[Date "2021.02.20"]
[Round "3.8"]
[White "Veksler, Aleksander L"]
[Black "Mansilla, Guillermo"]
[Result "1-0"]
[WhiteElo "2250"]
[BlackElo "1479"]
[PlyCount "89"]
[EventDate "2021.02.20"]
[EventType "team (rapid)"]
[EventRounds "7"]
[EventCountry "USA"]
[SourceTitle "CBM 200 Extra"]
[Source "ChessBase"]
[SourceDate "2021.03.31"]
[SourceVersion "1"]
[SourceVersionDate "2021.03.31"]
[SourceQuality "1"]
[WhiteTeam "Workday"]
[BlackTeam "Amazon US East"]
[WhiteTeamCountry "USA"]
[BlackTeamCountry "USA"]

1. c4 c6 2. g3 d5 3. Nf3 Bg4 4. Bg2 e6 5. d4 dxc4 6. Ne5 Bh5 7. 0-0 Nf6 8. Nc3 Nbd7 9. Nxc4 Be7 10. Bf4 0-0 11. Qb3 Nd5 12. e4 Nxf4 13. gxf4 Nb6 14. Nxb6 axb6 15. d5 exd5 16. exd5 Bf6 17. dxc6 Bxc3 18. cxb7 Rb8 19. Qxc3 Be2 20. Rfc1 Ba6 21. Qc7 Qf6 22. Qe5 Qxe5 23. fxe5 Bxb7 24. Bxb7 Rxb7 25. Rc6 g6 26. Rd1 Rfb8 27. Rdd6 Kg7 28. f4 h5 29. Kf2 Kh6 30. h4 Kg7 31. Ke3 Kf8 32. Kd4 Ke7 33. Kc4 Rd7 34. Kb5 Rxd6 35. Rxd6 Ra8 36. a4 Rb8 37. Rxb6 Rxb6+ 38. Kxb6 f6 39. exf6+ Kxf6 40. a5 Kf5 41. a6 Kxf4 42. a7 Kg4 43. a8Q Kxh4 44. Qe4+ Kg3 45. Qxg6+ 1-0

[Event "Aurora Spring op U2000"]
[Site "Aurora"]
[Date "2018.03.24"]
[Round "3.11"]
[White "Mansilla, Guillermo"]
[Black "Jordan, John1111"]
[Result "1/2-1/2"]
[WhiteElo "1512"]
[BlackElo "1694"]
[PlyCount "67"]
[EventDate "2018.03.24"]
[EventType "swiss"]
[EventRounds "5"]
[EventCountry "CAN"]
[SourceTitle "EXT 2022"]
[Source "ChessBase"]
[SourceDate "2021.10.06"]
[SourceVersion "1"]
[SourceVersionDate "2021.10.06"]
[SourceQuality "1"]

1. d4 d5 2. Bf4 Nf6 3. Nf3 e6 4. e3 Be7 5. Bd3 0-0 6. 0-0 c5 7. c3 Nc6 8. Nbd2 h6 9. Ne5 Bd7 10. Bg3 cxd4 11. exd4 a6 12. f4 b5 13. Qe2 Qc8 14. Bh4 Na5 15. Rac1 Nc4 16. Ndxc4 bxc4 17. Bb1 Be8 18. Qc2 g6 19. g4 Qc7 20. Qg2 Nh7 21. Qh3 Bxh4 22. Qxh4 Kg7 23. f5 Qd8 24. Qg3 g5 25. fxe6 fxe6 26. Nf3 Rf4 27. Rce1 Nf8 28. Ne5 Rxf1+ 29. Rxf1 Qe7 30. Rf2 Ra7 31. h3 Rb7 32. Kh2 Nd7 33. h4 gxh4 34. Qf4 1/2-1/2